| 000 | 00584nam a22001937a 4500 | ||
|---|---|---|---|
| 003 | BD-DhJNU | ||
| 005 | 20250216073626.0 | ||
| 008 | 250216b |||||||| |||| 00| 0 eng d | ||
| 020 | _a0070554773 | ||
| 040 |
_aBD-DhJNU _bENG _cBD-DhJNU _dBD-DhJNU |
||
| 082 |
_223 _a331.530973 |
||
| 100 | _aSchoenbrun, David | ||
| 245 |
_aAmerica inside-out : _bat home and abroad from roosevelt to reagan / _cDavid Schoenbrun |
||
| 260 |
_aNew York : _bMcGraw-Hill Book Company, _c1985. |
||
| 300 |
_a517 p. : _bill. ; _c16 cm. |
||
| 504 | _aincludes index | ||
| 650 | _aAmerica | ||
| 942 |
_2ddc _cBK _n0 |
||
| 999 |
_c1339 _d1339 |
||